[Event "Rohde op 12th"]
[Site "Sautron"]
[Date "2012.10.30"]
[Round "5"]
[White "Lagarde, Maxime"]
[Black "Oleksienko, Mikhailo"]
[Result "1/2-1/2"]
[WhiteElo "2501"]
[BlackElo "2539"]
[Annotator "Primel,D"]
[PlyCount "58"]
[EventDate "2012.10.27"]
[EventType "swiss"]
[EventRounds "9"]
[EventCountry "FRA"]
[SourceTitle "EXT 2014"]
[Source "ChessBase"]
[SourceDate "2013.11.20"]
[SourceVersion "1"]
[SourceVersionDate "2013.11.20"]
[SourceQuality "1"]
[TimeControl "40/5400+30:1800+30"]
[WhiteClock "1:30:00"]
[BlackClock "1:30:00"]

1. e4 {[%emt 0:00:00]} c5 {[%emt 0:00:00]} 2. Nf3 {[%emt 0:00:00]} e6 {[%emt 0:
00:00]} 3. d4 {[%emt 0:00:06]} cxd4 {[%emt 0:00:00]} 4. Nxd4 {[%emt 0:00:03]}
a6 {[%emt 0:00:05]} 5. Nc3 {[%emt 0:00:39]} b5 {[%emt 0:00:24]} (5... Qc7) 6.
Bd3 {[%emt 0:00:42]} Qb6 {[%emt 0:00:07] Une variante risquée car les Noirs
sont en retard de développement} 7. Nf3 $1 {[%emt 0:00:34][%cal Ge4e5] La
ligne critique et après la poussée thématique e4e5, les Blancs ont un avantage
d'espace au centre.} Qc7 {[%emt 0:00:56]} (7... Nc6 8. O-O Qb8 $5 {[%cal Gf8d6]
;Grischuk,A (2746)-Svidler,P (2739) FIDE World Cup 2011 (7.1) 0-1}) 8. O-O {
[%emt 0:00:26]} Bb7 {[%emt 0:00:03]} 9. Re1 $1 {[%emt 0:01:41] Surprotégeant
le P"e5"} Be7 {[%emt 0:00:24]} 10. e5 {[%emt 0:02:08]} f5 {[%emt 0:00:22]} 11.
Nh4 {[%emt 0:00:57][%csl Rg6][%cal Gd1h5]} (11. Bf4) 11... g6 {[%emt 0:00:24]
Pare la menace Qh5 mais au détriment d'un affaiblissement des cases Noires et
les Noirs devront perdre un temps pour développer le Ng8} 12. Nf3 {[%emt 0:00:
19]} Nc6 {[%emt 0:00:13]} 13. a4 {[%emt 0:02:41]} b4 {[%emt 0:01:45]} 14. Nb1 {
[%emt 0:00:18]} Bc5 {[%emt 0:00:16]} 15. Nbd2 {[%emt 0:06:07]} Na5 {[%emt 0:00:
11] Continuant de jouer а tempo} 16. Nb3 {[%emt 0:02:37]} (16. Nf1 h6 17. Be3
Ne7 18. Bxc5 Qxc5 19. Ne3 O-O $11 {Zelcic,R (2564)-Markus,R (2635) Zlatni Rat
op 2nd 2011 (8) 0-1}) 16... Nxb3 {[%emt 0:04:34]} 17. cxb3 {[%emt 0:00:33]} Ne7
$146 {[%emt 0:03:10]} ({RR} 17... h6 18. Be3 Bxe3 19. Rxe3 Ne7 20. Nd2 Nd5 21.
Re1 Nf4 22. Bf1 Qc6 23. f3 Qb6+ 24. Kh1 Qf2 25. Rc1 O-O 26. Rc2 Qd4 27. Rc4
Qxb2 28. Rxf4 Bd5 29. Nc4 Qf2 30. Rd4 f4 31. Qd2 Qxd2 32. Rxd2 {Gao,R (2442)
-Fan,H (2062)/Beijing 2012/EXT 2013/1-0 (43)}) 18. Bh6 $1 {[%emt 0:04:56]} Bd5
{[%emt 0:05:02]} 19. Nd2 {[%emt 0:05:51]} (19. Bc4 Qb7) 19... Bd4 {[%emt 0:06:
09]} 20. Rc1 {[%emt 0:02:47]} Qa7 {[%emt 0:10:55]} 21. Be3 {[%emt 0:06:40]} O-O
$11 {[%emt 0:04:05]} 22. Nc4 {[%emt 0:00:41]} Rac8 {[%emt 0:11:22]} 23. Qd2 {
[%emt 0:04:32]} Bxe3 {[%emt 0:08:59]} 24. Qxe3 {[%emt 0:08:01]} Qxe3 {[%emt 0:
00:41]} 25. Rxe3 {[%emt 0:01:04]} Rc5 $132 {[%emt 0:02:46][%cal Gf8c8]} 26.
Ree1 {[%emt 0:01:47]} Rfc8 {[%emt 0:05:58]} 27. Rcd1 {[%emt 0:07:00]} R8c7 {
[%emt 0:02:34]} 28. f4 {[%emt 0:01:28]} Nc6 {[%emt 0:04:04]} 29. Bf1 {[%emt 0:
11:59]} (29. Kf2 Na5 {[%csl Rb3]}) 29... Na5 {[%emt 0:18:52]} 1/2-1/2

[Event "POL-chT 66th"]
[Site "Katowice"]
[Date "2010.09.11"]
[Round "8"]
[White "Leniart, Arkadiusz"]
[Black "Warakomski, Tomasz"]
[Result "1/2-1/2"]
[WhiteElo "2453"]
[BlackElo "2468"]
[Annotator "Primel,D"]
[PlyCount "92"]
[EventDate "2010.09.04"]
[EventType "team-tourn"]
[EventRounds "9"]
[EventCountry "POL"]
[SourceTitle "EXT 2016"]
[Source "ChessBase"]
[SourceDate "2015.10.08"]
[SourceVersion "1"]
[SourceVersionDate "2015.10.08"]
[SourceQuality "1"]
[WhiteTeam "Wroclaw Polonia"]
[BlackTeam "Wroclaw"]
[WhiteTeamCountry "POL"]
[BlackTeamCountry "POL"]

1. e4 c5 2. Nf3 e6 3. d4 cxd4 4. Nxd4 a6 5. Bd3 Nf6 6. O-O Qc7 7. Nc3 d6 {
Un ordre de coups assez rare qui peut transposer dans une Scheveningen} 8. Be3
Nbd7 (8... Be7 9. f4 Nbd7 10. Qf3 b5 11. a3 (11. e5 $6 Bb7 12. Qg3 dxe5 13.
fxe5 Qxe5 {[%csl Rd4]})) 9. f4 b5 $1 {Les Noirs vont tenter de retarder au
maximum le roque car les Blancs peuvent prendre l'initative rapidement à
l'aile-roi} (9... Be7 $143 10. Qf3 O-O 11. g4 $36 {[%cal Gf3h3,Gd3h7,Ge4e5]})
10. Qf3 Bb7 11. a3 (11. Rae1 b4 12. Nb1 (12. Nce2 {[%cal Ge2g3]} Nc5 13. Ng3 h5
{[%cal Gh5h4] Profitant à nouveau du fait que les Noirs n'ont pas roqué})
12... Nc5 13. Nd2 {Lecuyer,C (2160)-Herb,P (2200) FRA-ch 56th Vitrolles 1981 
(7) 1-0}) 11... g6 $5 (11... Be7 12. Rae1 Nc5 13. Kh1 O-O 14. Bg1 Rfe8 15. Qh3
Bf8 16. Nf3 Nxd3 17. cxd3 h6 $11 {Ponomariov,R (2718)-Kramnik,V (2777) Cap
d'Agde-A rapid 2003 (5) 1/2}) 12. Qh3 {[%csl Re6]} Nc5 $146 (12... Bg7 13. Bxb5
$1 axb5 14. Ncxb5 Qb8 15. Nxe6 $1 fxe6 16. Qxe6+ Kd8 17. Nxd6 $44 {Mrdja,M 
(2432)-Meijers,V (2487) Saint Affrique op 12th 2004 (5) 0-1}) 13. e5 Nfd7 14.
Bxb5 $1 axb5 15. Ncxb5 Qb8 16. b4 Ne4 17. Nxe6 $1 {Par rapport à la partie
jouée dans l'open de St Affrique, le Bf8 protège la case sensible "d6"} fxe6
18. Qxe6+ Kd8 19. Rad1 Ba6 20. Nd4 $1 {[%cal Gd4c6]} Qc8 $13 21. exd6 Nxd6 22.
b5 Bb7 23. f5 $40 Qc4 24. fxg6 Kc8 25. g7 {Dans cette position assez folle, ce
coup va laisser un peu de répit aux Noirs} (25. Rxf8+ $1 Rxf8 26. Qxd6 (26. g7
Qxe6 27. gxf8=Q+ Nxf8) 26... Qd5 (26... hxg6 $4 27. Ne6)) 25... Bxg7 26. Qxd6
Be5 $1 27. Nf5 $1 {La pointe!} Qxf1+ $1 28. Kxf1 Bxd6 29. Nxd6+ Kc7 30. Nxb7
Rxa3 $1 (30... Kxb7 31. Rxd7+) 31. Bf4+ Kxb7 32. Rxd7+ Kb6 33. c4 Rc8 34. Rd6+
Kc5 35. Rd1 Rf8 36. g3 Rb3 37. Rd7 Rb2 38. Rc7+ Kd4 39. b6 {[%csl Gb6]} (39.
Rxh7 Kxc4) 39... Rxb6 40. Rxh7 Rb2 41. h4 {[%csl Gh4] La dernière cartouche
des Blancs} Ra8 42. Rd7+ Ke4 43. Re7+ Kf3 $1 {[%cal Ga8a1]} 44. Re3+ Kg4 {
Renouvelle la menace de mat} 45. Re2 Kf3 46. Re3+ Kg4 {[%mdl 513] Une belle
partie!} 1/2-1/2

[Event "Rohde op 09th"]
[Site "Sautron"]
[Date "2009.10.27"]
[Round "5"]
[White "Potkin, Vladimir"]
[Black "Meijers, Viesturs"]
[Result "1/2-1/2"]
[WhiteElo "2615"]
[BlackElo "2471"]
[Annotator "Primel,D"]
[PlyCount "123"]
[EventDate "2009.10.24"]
[EventType "swiss"]
[EventRounds "9"]
[EventCountry "FRA"]
[SourceTitle "EXT 2010"]
[Source "ChessBase"]
[SourceDate "2010.11.25"]
[SourceVersion "1"]
[SourceVersionDate "2010.11.25"]
[SourceQuality "1"]
[TimeControl "6000"]
[WhiteClock "0:00:11"]
[BlackClock "0:00:18"]

1. e4 c5 2. Nf3 e6 3. d4 cxd4 4. Nxd4 a6 5. Nc3 b5 {Une variante assez risquée
pour les noirs qui n'ont joué que des P jusqu'au 5ème coup.} 6. Bd3 Bb7 (6...
Qb6 {La ligne Qb6 est désormais en crise après Nf3} 7. Nf3 $16) 7. O-O b4 {
une ligne rare et risquée mais souvent jouée par le letton depuis quelques
années et il est intéressante de voir la préparation du russe sur cette
variante.} (7... Qb6 8. Nf3 Qc7 9. Re1 Bc5 10. e5 f5 11. exf6 Nxf6 12. Ne4 Bxe4
13. Bxe4 Nc6 14. Bxc6 Qxc6 15. Ne5 Qc7 16. Bf4 O-O 17. Bg3 Qb7 18. Qe2 Bb6 19.
Kh1 Rac8 20. Rad1 Nd5 21. c3 Ba7 22. Rd2 {Adams,M (2715)-Topalov,V (2700)/
Tilburg 1998/EXT 1999/1-0 (61)}) (7... Qc7 {la grande ligne}) 8. Nb1 ({RR} 8.
Na4 Nc6 (8... Nf6 9. Re1 Nc6) 9. Nf3 Nf6 10. c4 d6 11. a3 Be7 12. Bd2 a5 13.
Be3 O-O 14. h3 Nd7 15. Rc1 Nce5 16. Nxe5 Nxe5 17. axb4 Nxd3 18. Qxd3 axb4 19.
b3 Bc6 20. Ra1 Qa5 21. Bd4 Qg5 22. f3 Rfb8 {Kalegin,E (2490)-Khamrakulov,I 
(2552)/Salou 2009/Mega2009 Update 19/1/2-1/2 (80)}) 8... Nf6 9. Qe2 Qc7 10. a3
$5 $146 ({RR} 10. c4 h5 11. h3 h4 12. Nd2 Nc6 13. Nxc6 Qxc6 14. Re1 Bd6 15. Nf3
Nh5 16. e5 Bc5 17. Qc2 f5 18. exf6 Nxf6 19. Bg6+ Kf8 20. Bg5 Rc8 21. Bxf6 gxf6
22. Be4 Qc7 23. Bxb7 Qxb7 24. Qg6 Be7 {Lejarre,L (2331)-Meijers,V (2453)/
Villeneuve Tolosane 2007/CBM 117 ext/1-0 (45)}) 10... Nc6 (10... bxa3 $143 11.
Nxa3 d6 12. Nc4 Be7 13. Na5 $16 {[%csl Rb7]}) 11. Nxc6 Qxc6 12. Nd2 bxa3 13. b3
$1 Bb4 14. Bxa3 $14 Bxd2 15. Qxd2 Nxe4 16. Bxe4 Qxe4 17. f3 (17. Qg5 f6 $1 18.
Qxg7 O-O-O $132 {[%csl Rg2][%cal Gd8g8]}) 17... Qh4 18. Rad1 $14 Bc6 19. Qc3 {
[%cal Gc3c5,Gc3g7]} Qg5 20. Rfe1 Rc8 21. Re5 (21. Rd5 $1 $36 {[%cal Gc3g7,
Gc3c8] Seul un module peut trouver ce genre de coup!}) 21... f5 $1 22. Rxf5 $5
{Spectaculaire mais les blancs ne vont pas obtenir grand-chose et il vallait
mieux choisir un autre plan.} (22. Rd3 {[%cal Gd3f3,Gc3c5,Gc5e7]} Kf7 23. Qe1
Rhe8 $11 {[%cal Gf7g8]}) 22... exf5 (22... Qxf5 $2 23. Qxg7 $40 {[%cal Gg7h8,
Gg7e7]}) 23. Re1+ Kf7 24. Re7+ Qxe7 $1 {Une belle défense de la part de
l'ancien vainqueur du tournoi.} 25. Bxe7 Kxe7 26. Qxg7+ Ke6 27. Qh6+ Ke7 28.
Qg5+ {les blancs n'ont que 2 P pour la pièce et ils n'ont pas mieux que la
nulle} Ke6 29. Qe3+ Kf6 30. Qd4+ Kg6 31. Qd6+ Kf7 32. Qd3 Kf6 33. Qd6+ Kf7 34.
Qd3 Kf6 35. Qxa6 $1 $44 {[%csl Gb3][%cal Gb3b8] Avec le P passé, les blancs
ont quelques compensations} Rhe8 36. b4 Rb8 37. Qd3 Re6 38. c4 d6 39. b5 Ba8
40. Qd4+ Kg6 41. h4 h6 42. Kh2 Rg8 43. Qf4 Rf6 44. Kg1 Bb7 45. Kf2 Bc8 46. Qd4
Re6 47. Qd5 h5 48. Qc6 Kh6 49. b6 $36 {[%csl Gb6]} f4 (49... Rge8 $142 50. b7
Re2+ 51. Kg3 f4+ 52. Kxf4 Rf8+ 53. Kg3 Rg8+ 54. Kf4 (54. Kh2 Rexg2+)) 50. b7
Bxb7 51. Qxb7 Reg6 52. Qf7 Rxg2+ 53. Kf1 R2g6 54. Qxf4+ Kg7 55. Qf5 Rf8 56.
Qxh5 Rf4 57. Qd5 Rxh4 58. Qb7+ Kh6 59. Qf7 Kg5 60. Ke2 Rf4 61. Qe7+ Rgf6 62.
Qg7+ 1/2-1/2

[Event "Cappelle op 31st"]
[Site "Cappelle la Grande"]
[Date "2015.03.06"]
[Round "8"]
[White "Nevednichy, Vladislav"]
[Black "Kovalenko, Igor"]
[Result "1-0"]
[WhiteElo "2557"]
[BlackElo "2656"]
[Annotator "RR"]
[PlyCount "127"]
[EventDate "2015.02.28"]
[EventType "swiss"]
[EventRounds "9"]
[EventCountry "FRA"]
[SourceTitle "EXT 2016"]
[Source "ChessBase"]
[SourceDate "2015.10.08"]
[SourceVersion "1"]
[SourceVersionDate "2015.10.08"]
[SourceQuality "1"]

1. e4 {[%emt 0:00:00]} c5 {[%emt 0:00:00]} 2. Nf3 {[%emt 0:00:00]} e6 {[%emt 0:
00:00]} 3. d4 {[%emt 0:00:19]} cxd4 {[%emt 0:00:00]} 4. Nxd4 {[%emt 0:00:04]}
a6 {[%emt 0:00:00]} 5. Nc3 {[%emt 0:00:49]} Qc7 {[%emt 0:00:00]} 6. f4 {
[%emt 0:05:38] Une variante agressive} b5 {[%emt 0:00:08]} 7. Bd3 {[%emt 0:02:
09]} Bb7 {[%emt 0:02:52]} 8. Qe2 {[%emt 0:03:47]} (8. Qf3 Nf6 9. Be3 Nc6 10.
O-O-O (10. g4 h5) 10... b4 11. Nce2 Na5 (11... Rc8) 12. g4 d5 13. e5 Nd7 (13...
Ne4 14. Kb1 Be7 15. Ng3 Nc5) 14. Kb1 Nc4 15. Bc1 Qb6 (15... Rc8) 16. Rhf1 Bc5
17. Nb3 {Tolnai,T (2490)-Schlosser,P (2550) Cattolica op 1993 (9) 1-0} (17. Qf2
a5 18. h4 a4 19. h5 b3 $36)) 8... Nf6 {[%emt 0:02:26]} (8... b4 9. Nd1 Nf6 10.
Bd2 Nc6 11. Nxc6 Qxc6 12. Nf2 Bc5 13. Be3 O-O 14. g4 Bxe3 15. Qxe3 d5 16. e5
Ne4 17. g5 Rfc8 18. Rg1 Qc5 19. Qxc5 Nxc5 20. Be2 Rc7 21. Rg3 Rac8 22. a3 a5
23. axb4 axb4 24. Ra5 Ra8 {1/2-1/2 (24) Cuartas,J (2504)-Kogan,A (2571)
Catalunya 2013}) (8... d6 9. a4 $5 b4 10. Na2 Nf6 (10... d5 $5 $146 11. Bd2
dxe4 $132 {Zhang,P (2640)-Jia,H (2193) 4th chT Wenzhou  2008 (1) 1-0})) 9. e5 {
[%emt 0:11:44] Les Blancs commencent à réfléchir mais la position est
pourtant toujours théorique} (9. a3 Nc6 10. Nf3 b4 11. Na4 bxa3 12. O-O Nb4
13. bxa3 Nxd3 14. cxd3 Bc6 15. Qc2 Rc8 {Martin Gonzalez,A (2361)-Delchev,A 
(2614) Benasque op 33rd 2013 (3) 0-1} (15... Bd6 $5 16. e5 Bxf3 17. Qxc7 Bxc7
18. Rxf3 Nd5 $132 {Delchev})) 9... b4 $1 {[%emt 0:04:29]} 10. Ne4 {[%emt 0:00:
55]} Nxe4 {[%emt 0:01:13]} 11. Bxe4 {[%emt 0:00:05]} Bc5 {[%emt 0:01:49]} (
11... Nc6 12. Be3 Rc8) (11... Bxe4 12. Qxe4 Nc6 13. Nxc6 Qxc6 14. Qxc6 dxc6 15.
Ke2 $11 {Iordachescu,V (2587)-Avrukh,B (2644) EU-ch 8th Dresden 2007 (7) 1/2})
12. Nb3 {[%emt 0:06:39]} Bb6 {[%emt 0:00:10]} 13. Bxb7 {[%emt 0:01:30]} Qxb7 {
[%emt 0:00:04]} 14. Be3 {[%emt 0:00:09]} O-O $146 {[%emt 0:05:09]} (14... Nc6
15. O-O-O Rc8 16. Bc5 Qa7 17. Qe3 Bxc5 18. Qxc5 Qxc5 19. Nxc5 Nxe5 20. Nxa6 Nc6
21. Rhe1 O-O 22. Kb1 d5 23. f5 Ra8 24. Nc5 exf5 25. Rxd5 Rfe8 26. Nd3 Rxe1+ 27.
Nxe1 Re8 28. Nf3 g6 29. Kc1 Kg7 30. b3 h6 31. Kd2 Ra8 32. Nd4 Nxd4 33. Rxd4
Rxa2 34. Rxb4 Ra1 35. Ke3 g5 36. c4 Rc1 37. Rb5 f4+ 38. Kf3 {1/2-1/2 (38)
Garbarino,R (2395)-Caramia,J (2195) Villa Ballester 1998}) 15. Bxb6 {[%emt 0:
02:17]} Qxb6 {[%emt 0:00:02]} 16. O-O-O {[%emt 0:00:24]} a5 {[%emt 0:01:00]}
17. Rd6 $1 {[%emt 0:25:39] Après une longue réflexion} Nc6 {[%emt 0:03:13]}
18. Nd2 {[%emt 0:01:12]} a4 {[%emt 0:00:20]} 19. Kb1 {[%emt 0:01:10]} Qa7 {
[%emt 0:10:17]} 20. Qd3 {[%emt 0:12:27]} a3 {[%emt 0:22:11]} (20... Rfd8) 21.
Rxd7 {[%emt 0:09:09]} Qb6 {[%emt 0:10:57]} 22. Nc4 $14 {[%emt 0:03:24]} Qf2 {
[%emt 0:01:20]} 23. Qe4 $1 {[%emt 0:05:03]} Na7 {[%emt 0:11:27]} 24. Nd6 $1 {
[%emt 0:02:22]} axb2 {[%emt 0:02:39]} 25. Rd1 {[%emt 0:01:32]} (25. Rxf7 $1 {
[%csl Ra8][%cal Ge4a8] Aurait gagné plus rapidement}) 25... Rab8 {[%emt 0:00:
51]} (25... Rad8) 26. Qd4 {[%emt 0:00:41]} (26. f5 $40 {[%csl Gd6]}) 26... Qxd4
{[%emt 0:00:17]} 27. Rxd4 {[%emt 0:00:03]} Nb5 {[%emt 0:01:58]} 28. Nxb5 {
[%emt 0:00:11]} Rxb5 {[%emt 0:00:02]} 29. Kxb2 {[%emt 0:00:37]} f6 {[%emt 0:00:
30]} 30. Re7 {[%emt 0:01:12]} fxe5 {[%emt 0:00:41]} 31. Rdd7 $40 {[%emt 0:00:
04]} Rxf4 {[%emt 0:00:27]} 32. Rxg7+ {[%emt 0:00:05]} Kh8 {[%emt 0:00:04]} 33.
Rxh7+ {[%emt 0:00:04]} Kg8 {[%emt 0:00:03]} 34. Rdg7+ {[%emt 0:00:16]} Kf8 {
[%emt 0:00:03]} 35. Rc7 {[%emt 0:00:29]} Kg8 {[%emt 0:00:02]} 36. Rhg7+ {
[%emt 0:00:11]} Kh8 {[%emt 0:00:14]} 37. Rge7 {[%emt 0:00:13]} Rg4 {[%emt 0:00:
28]} 38. g3 {[%emt 0:00:48]} Rb6 {[%emt 0:00:03]} 39. Rc8+ {[%emt 0:01:36]} Rg8
{[%emt 0:00:04]} 40. Rc4 {[%emt 0:00:00]} Ra8 {[%emt 0:00:00]} 41. Rec7 {
[%emt 0:05:30]} Kg8 {[%emt 0:03:30]} 42. Rg4+ {[%emt 0:02:35]} Kh8 {[%emt 0:00:
04]} 43. Rc5 {[%emt 0:05:28]} Rba6 {[%emt 0:00:29]} 44. Rxe5 {[%emt 0:00:07]}
Rxa2+ {[%emt 0:00:03]} 45. Kc1 {[%emt 0:00:15] Le P"c2" est très important}
R8a7 {[%emt 0:01:03]} 46. Rh5+ {[%emt 0:02:50]} Rh7 {[%emt 0:00:02]} 47. Rxh7+
{[%emt 0:00:12]} Kxh7 {[%emt 0:00:01]} 48. Rxb4 {[%emt 0:00:05]} Kg6 {[%emt 0:
00:03]} 49. Kd2 {[%emt 0:00:27]} Ra3 {[%emt 0:00:05]} 50. Rb3 {[%emt 0:00:18]}
Ra1 {[%emt 0:00:04]} 51. Rf3 {[%emt 0:00:44]} Kg5 {[%emt 0:00:14]} 52. Rf2 {
[%emt 0:00:37]} e5 {[%emt 0:00:37]} 53. Kd3 {[%emt 0:01:08]} Rd1+ {[%emt 0:00:
44]} 54. Ke3 {[%emt 0:00:15]} (54. Ke4) 54... Re1+ {[%emt 0:00:10]} 55. Re2 {
[%emt 0:00:07]} Rd1 {[%emt 0:00:08]} 56. c4 $1 {[%emt 0:01:57]} Rc1 {[%emt 0:
00:38]} 57. Kd3 $18 {[%emt 0:00:09]} Kf5 {[%emt 0:00:02]} 58. Rf2+ {[%emt 0:00:
16]} Ke6 {[%emt 0:00:03]} 59. Rf8 {[%emt 0:03:53]} Rd1+ {[%emt 0:01:01]} 60.
Kc2 {[%emt 0:00:19]} Ra1 {[%emt 0:02:51]} 61. h4 {[%emt 0:00:48]} Kd6 {[%emt 0:
00:48]} 62. h5 {[%emt 0:02:52]} Rh1 {[%emt 0:00:03]} 63. Rh8 {[%emt 0:01:32]}
e4 {[%emt 0:00:42]} 64. h6 {[%emt 0:00:20] Kd5} 1-0

[Event "Cappelle op 31st"]
[Site "Cappelle la Grande"]
[Date "2015.03.02"]
[Round "3"]
[White "Areshchenko, Alexander"]
[Black "Papin, Vasily"]
[Result "1/2-1/2"]
[WhiteElo "2661"]
[BlackElo "2515"]
[Annotator "RR"]
[PlyCount "55"]
[EventDate "2015.02.28"]
[EventType "swiss"]
[EventRounds "9"]
[EventCountry "FRA"]
[SourceTitle "EXT 2016"]
[Source "ChessBase"]
[SourceDate "2015.10.08"]
[SourceVersion "1"]
[SourceVersionDate "2015.10.08"]
[SourceQuality "1"]

1. e4 c5 2. Nf3 e6 3. d4 cxd4 4. Nxd4 a6 5. Nc3 Qc7 6. Be2 b5 {Une variante
risquée à cause du retard de développement} 7. O-O Bb7 8. Re1 $1 Nc6 9. Nxc6
dxc6 10. e5 (10. Bf3 Bd6) 10... Rd8 11. Bd3 c5 (11... Ne7 12. a4 b4 13. Ne4
Qxe5 14. Bg5 Qc7 15. Qe2 a5 16. Bc4 Rd5 17. Bxd5 cxd5 18. Ng3 Ng6 19. Nf5 h6
20. Be3 Kd7 21. Nd4 Qc4 22. Qh5 Bd6 23. Nxe6 Kxe6 24. Bf4+ Kd7 25. Qf5+ Kc6 26.
Bxd6 d4 27. Bg3 Qd5 28. Qxd5+ Kxd5 29. Rad1 Rc8 30. Rd2 Ba6 31. f3 b3 32. cxb3
d3 33. Re3 Rc1+ 34. Kf2 Kc6 35. Be5 f6 36. Bc3 Nf4 37. Bxa5 Rh1 38. Re1 Rxh2
39. Kg3 Rh5 40. Rc1+ Kd7 41. Rc7+ {Areshchenko,A (2672)-Hracek,Z (2624)
Rogaska Slatina 2011 1-0}) 12. Qe2 c4 (12... Ne7 13. a4) 13. Be4 Bxe4 14. Nxe4
Qxe5 15. Qf3 $44 Bd6 $146 (15... f5 16. Bg5 fxe4 17. Bxd8 exf3 18. Rxe5 Kxd8
19. Rxe6 Nf6 20. Rxa6 Kc7 21. a4 b4 22. Ra8 Kb7 23. Rd8 g5 24. Re1 Rg8 25. Re5
g4 26. Rb5+ Ka7 27. Rf5 Be7 28. Rxg8 Nxg8 29. Rf7 Kb6 30. Rg7 Bf6 31. Rxg8 Bxb2
32. Rxg4 Kc5 33. Rg5+ Kd4 34. a5 b3 35. cxb3 c3 36. Rg4+ Kd3 37. Rc4 c2 38.
Rxc2 Kxc2 39. a6 Bd4 40. gxf3 {1/2-1/2 (40) Polzin,R (2469)-Thesing,M (2404)
Germany 2012}) 16. Nxd6+ Qxd6 17. Bg5 (17. Bf4 Qd5 18. Qa3 (18. Qg3 Ne7 19.
Qxg7 Rg8 {[%csl Rg2]}) 18... Ne7 19. Qxa6 O-O 20. a4) 17... Ne7 18. Rad1 Qb6
19. Rxd8+ Qxd8 20. Rd1 Qc8 21. Bxe7 Kxe7 22. Qa3+ Kf6 {Curieusement, il n'est
pas facile d'attaquer le K Noir bloqué au centre} 23. Qc3+ Kg6 24. Qg3+ (24.
Rd4 {[%cal Gd4g4]} e5 (24... f6 {[%cal Gg6f7]} 25. Qd2 Re8 {[%cal Gg6f7]} (
25... e5 26. Rd7 {[%csl Rg6]})) 25. Qg3+) 24... Kf6 25. h4 g6 26. Rd6 Qc5 27.
Qc3+ Ke7 28. Rxe6+ 1/2-1/2

[Event "POL-chT 66th"]
[Site "Katowice"]
[Date "2010.09.07"]
[Round "4"]
[White "Baklan, Vladimir"]
[Black "Krejci, Jan"]
[Result "1-0"]
[WhiteElo "2621"]
[BlackElo "2454"]
[Annotator "RR"]
[PlyCount "71"]
[EventDate "2010.09.04"]
[EventType "team-tourn"]
[EventRounds "9"]
[EventCountry "POL"]
[SourceTitle "EXT 2016"]
[Source "ChessBase"]
[SourceDate "2015.10.08"]
[SourceVersion "1"]
[SourceVersionDate "2015.10.08"]
[SourceQuality "1"]
[WhiteTeam "Lublin"]
[BlackTeam "Wroclaw"]
[WhiteTeamCountry "POL"]
[BlackTeamCountry "POL"]

1. e4 c5 2. Nf3 e6 3. Nc3 a6 4. d4 cxd4 5. Nxd4 Qc7 6. Bd3 Nf6 7. O-O Bc5 {
Cette variante est actuellement en crise} 8. Nb3 Be7 9. f4 d6 10. Qe2 (10. e5
$1 {Ce gambit a rendu assez douteuse cette variante Bc5} dxe5 11. fxe5 {
Vuckovic,B (2626)-Manolache,M (2546) EU-ch 12th Aix-les-Bains 2011 (10) 1-0})
10... Nc6 11. Bd2 b5 12. Rae1 b4 13. Nd1 Bb7 (13... a5 14. c3 e5 15. Ne3 a4 16.
Nc1 a3 17. bxa3 Rxa3 18. cxb4 Nd4 19. Qd1 O-O 20. Nb3 Be6 21. Bb1 Nxb3 22. axb3
Bxb3 23. Qe2 Be6 {1/2-1/2 (23) Predojevic,B (2645)-Avrukh,B (2641) Germany 2007
}) 14. Nf2 Nd7 15. c3 Bf6 $146 (15... a5 16. Nd4 bxc3 17. bxc3 O-O 18. Nb5 Qc8
19. a4 Nc5 20. Bc2 Na7 21. Ng4 Nxb5 22. axb5 d5 23. exd5 Bxd5 24. f5 exf5 25.
Nh6+ gxh6 26. Qxe7 Ne6 27. Bxh6 Qxc3 28. Bxf5 Rfe8 29. Qh4 Qd4+ 30. Qxd4 Nxd4
31. Bd7 Rxe1 32. Rxe1 Be6 33. Re5 Kh8 34. Bxe6 Nxe6 35. b6 a4 36. b7 Rb8 37.
Ra5 Nc7 38. Bf4 {1-0 (38) Zvara,P (2391)-Heinz,A (2363) Germany 2006}) 16. Ng4
Bh4 17. Rc1 $1 $36 {[%cal Gc1c7]} h5 18. Ne3 {[%cal Ge3d5]} Bf6 (18... a5) 19.
cxb4 (19. Nd5 exd5 20. exd5+ Ne7 21. cxb4 Qb8 22. Bc3 Qd8) 19... Qb6 $6 {
Les Noirs commencent à être en retard de développement} 20. Kh1 Qd8 21. Nc4
$36 Nb6 $2 22. Nba5 $1 Nxa5 23. Nxa5 Qb8 24. b3 h4 25. b5 h3 26. g3 axb5 27.
Bxb5+ Kf8 28. Nxb7 Qxb7 29. Bc6 $18 Qa7 30. e5 Be7 31. f5 exf5 32. Rxf5 Rc8 33.
Qf3 dxe5 34. Rxf7+ Kg8 35. Rxe7 Qxe7 36. Bd5+ 1-0